zpět

Detail výsledku týmu

Motolský Kozlík - Motol, Praha

Datum a čas kvízu

25.5 Celkem bodů Celkový počet nahraných bodů na tomto kvízu bez doplňovacích otázek.
5. Pořadí na kvízu Konečné umístění týmu na tomto kvízu.

Zaznamenané odpovědi

# Otázka Odpověď Body Výsledky
1. Nové politické hnutí bývalého... Martin Kuba; Jihočeský 1
2. Co neobvyklého našli lékaři v... dělostřelecký granát 1
3. V noci z neděle na pondělí byl... Bad Bunny; Kendrick Lamar 0.5
4. Která fiktivní postava z fanta... B) Draco Malfoy 1
5. V pátek byly zahájeny zimní ol... David Pastrňák; Lucie Charvátová 0.5
6. 29. května roku 1500 umírá pob... Bartolomeu Dias 0
7. 8. února 1700 se narodil Danie... A) proudění tekutin 1
8. Za kulatý letopočet budeme dne... Burgtheater 0
9. 19. března 1900 se v Paříži na... Frédéric Joliot-Curie 0
10. Od 15. září do 1. října 2000 s... Jan Železný; Sydney 0.5